[Event "Pays de Loire-chT"]
[Site "Cholet"]
[Date "2009.??.??"]
[Round "6"]
[White "Brunelliere, Gilles"]
[Black "Loiret, Stanislas"]
[Result "0-1"]
[WhiteElo "1850"]
[BlackElo "2266"]
[PlyCount "97"]
[EventDate "2009.06.??"]
[EventType "team-tourn"]
[EventRounds "6"]
[EventCountry "FRA"]
[SourceTitle "EXT 2010"]
[Source "ChessBase"]
[SourceDate "2010.11.25"]
[SourceVersion "1"]
[SourceVersionDate "2010.11.25"]
[SourceQuality "1"]

1. e4 c5 2. Nf3 e6 3. d4 cxd4 4. Nxd4 a6 5. Bd3 Nf6 6. 0-0 Qc7 7. Qe2 d6 8. c4 Nbd7 9. Nc3 Be7 10. Be3 0-0 11. f4 Re8 12. Rad1 Bf8 13. h3 b6 14. b3 Bb7 15. Bf2 b5 16. Rc1 b4 17. Na4 e5 18. fxe5 Nxe5 19. Bb1 Ned7 20. Nf5 g6 21. Ng3 Nc5 22. Bxc5 dxc5 23. Rxf6 Qxg3 24. Rcf1 Bd6 25. Qf3 Qh2+ 26. Kf2 Re7 27. Nb6 Rae8 28. Nd5 Bxd5 29. cxd5 Be5 30. Rxa6 Bd4+ 31. Ke2 f5 32. Kd1 fxe4 33. Bxe4 Bg7 34. Re6 Rxe6 35. dxe6 Rd8+ 36. Ke2 Qe5 37. e7 Qxe7 38. Rd1 Re8 39. Ke3 Qg5+ 40. Kd3 Qe5 41. Bd5+ Kh8 42. Kc4 Rf8 43. Qd3 Rf4+ 44. Kxc5 Bf8+ 45. Kc6 Rf6+ 46. Kb5 Qb8+ 47. Kc4 Qc7+ 48. Kd4 Bc5+ 49. Ke4 0-1

[Event "Pays de Loire-chT"]
[Site "Cholet"]
[Date "2009.??.??"]
[Round "2"]
[White "Brunelliere, Gilles"]
[Black "Vigan, Charlie"]
[Result "1-0"]
[WhiteElo "1850"]
[BlackElo "1099"]
[PlyCount "99"]
[EventDate "2009.06.??"]
[EventType "team-tourn"]
[EventRounds "6"]
[EventCountry "FRA"]
[SourceTitle "EXT 2010"]
[Source "ChessBase"]
[SourceDate "2010.11.25"]
[SourceVersion "1"]
[SourceVersionDate "2010.11.25"]
[SourceQuality "1"]

1. e4 e5 2. Nf3 Nc6 3. Bb5 Nd4 4. Nxd4 exd4 5. 0-0 Qg5 6. Bc4 Qg6 7. f4 d6 8. f5 Qf6 9. d3 g6 10. fxg6 Qg7 11. gxf7+ Kd8 12. fxg8Q Rxg8 13. Bxg8 Qxg8 14. Qh5 Be7 15. Qf7 Qg4 16. Qxh7 Bd7 17. Qh8+ Be8 18. Bf4 Qe6 19. Bg3 Kd7 20. Qh3 Qxh3 21. gxh3 Bh5 22. Kg2 Rg8 23. Nd2 Bg5 24. Rf5 Bf7 25. Rxf7+ Kc6 26. Nf3 Be3 27. c3 dxc3 28. bxc3 b5 29. Nd4+ Kc5 30. Rxc7+ Kb6 31. Rc6+ Kb7 32. Rxd6 Bf4 33. Rd7+ Kb6 34. Rb1 a6 35. a4 Be5 36. axb5 Bxd4 37. bxa6+ Kc6 38. Rd6+ Kc7 39. Rb7+ Kc8 40. Rc6+ Kd8 41. Rb8+ Kd7 42. Rc7+ Ke6 43. Rxg8 Be5 44. d4 Bxc7 45. Bxc7 Kd7 46. Be5 Ke7 47. d5 Kd7 48. Rg7+ Ke8 49. a7 Kf8 50. a8R# 1-0

[Event "FRA-chT4 0506"]
[Site "France"]
[Date "2005.01.15"]
[Round "5"]
[White "Delorme, Sonia"]
[Black "Brunelliere, Gilles"]
[Result "1/2-1/2"]
[WhiteElo "1510"]
[BlackElo "1950"]
[PlyCount "92"]
[EventDate "2005.10.02"]
[EventType "team"]
[EventRounds "9"]
[EventCountry "FRA"]
[SourceTitle "EXT 2007"]
[Source "ChessBase"]
[SourceDate "2006.11.23"]
[SourceVersion "1"]
[SourceVersionDate "2006.11.23"]
[SourceQuality "1"]

1. e4 e5 2. Nf3 Nc6 3. Bb5 a6 4. Ba4 Nf6 5. 0-0 Be7 6. Re1 b5 7. Bb3 0-0 8. c3 d5 9. exd5 Nxd5 10. Nxe5 Nxe5 11. Rxe5 c6 12. d4 Bd6 13. Re1 Qh4 14. g3 Qh3 15. Qf3 Bg4 16. Qg2 Qh5 17. Be3 Rae8 18. Nd2 Re6 19. Rac1 Rfe8 20. Bxd5 cxd5 21. b3 Ba3 22. Ra1 Bb2 23. Rab1 Bxc3 24. Rbc1 Bxd4 25. Qf1 Bxe3 26. fxe3 Rxe3 27. Rxe3 Rxe3 28. Qf4 Qe5 29. Qxg4 Re1+ 30. Rxe1 Qxe1+ 31. Nf1 Qc3 32. Qf4 g6 33. Qd2 Qc5+ 34. Qe3 d4 35. Qf2 f5 36. Nd2 Qc3 37. Kg2 d3 38. Qe3 Qc2 39. Kf3 Kg7 40. Kf4 Kh6 41. Ke5+ Kg7 42. Kd4 Qxa2 43. Kxd3 Qa3 44. Ke2 a5 45. Qa7+ Kh6 46. Qe3+ Kg7 1/2-1/2